Fr. Conceicao Rodrigues College of Engineering

Mechanical engineering design (Record no. 26691)

MARC details
000 -LEADER
fixed length control field 00322nam a2200145Ia 4500
082 ## - DEWEY DECIMAL CLASSIFICATION NUMBER
Classification number 621.815
Item number PAN
100 ## - MAIN ENTRY--PERSONAL NAME
Personal name Shigley/ J.E./ Mischke
250 ## - EDITION STATEMENT
Edition statement 1
245 ## - TITLE STATEMENT
Title Mechanical engineering design
260 ## - PUBLICATION, DISTRIBUTION, ETC.
Name of publisher, distributor, etc. McGraw Hill
Place of publication, distribution, etc. New York
Date of publication, distribution, etc. 1989
300 ## - PHYSICAL DESCRIPTION
Extent 699
546 ## - LANGUAGE NOTE
Language note ENGLISH
654 ## - SUBJECT ADDED ENTRY--FACETED TOPICAL TERMS
Focus term mechanical
942 ## - ADDED ENTRY ELEMENTS (KOHA)
Koha item type BOOK
Holdings
Withdrawn status Lost status Damaged status Not for loan Collection Home library Current library Date acquired Source of acquisition Cost, normal purchase price Total Checkouts Full call number Barcode Date last seen Cost, replacement price Price effective from Koha item type
        CRC Fr. Agnel's C.Rodrigues College of Engineering Fr. Agnel's C.Rodrigues College of Engineering 17/03/2023 global books 1010.40   621.815 PAN 7047 17/03/2023 1010.40 17/03/2023 BOOK
        CRC Fr. Agnel's C.Rodrigues College of Engineering Fr. Agnel's C.Rodrigues College of Engineering 17/03/2023 global books 1010.40   621.815 PAN 7048 17/03/2023 1010.40 17/03/2023 BOOK